Liverpool Current Squad - Statistics

General Stats
  • This quiz has been taken 55 times
    15 since last reset
  • The average score is 25 of 34
Answer Stats
# Position Nation Player Name % Correct
9 FW Sweden Alexander Isak
100%
10 MF Argentina Alexis Mac Allister
100%
1 GK Brazil Alisson Becker
100%
22 FW France Hugo Ekitike
100%
5 DF France Ibrahima Konaté
100%
11 FW Egypt Mohammed Salah
100%
4 DF Netherlands Virgil van Dijk
100%
- Coach Netherlands Arne Slot
92%
8 MF Hungary Dominik Szoboszlai
92%
14 FW Italy Federico Chiesa
92%
7 MF Germany Florian Wirtz
92%
18 FW Netherlands Cody Gakpo
85%
17 MF England Curtis Jones
85%
2 DF England Joe Gomez
85%
6 DF Hungary Milos Kerkez
85%
3 MF Japan Wataru Endō
85%
26 DF Scotland Andrew Robertson
77%
12 DF England Conor Bradley
77%
20 FW Portugal Diogo Jota
77%
25 GK Georgia Giorgi Mamardashvili
77%
30 DF Netherlands Jeremie Frimpong
69%
21 DF Greece Kostas Tsimikas
69%
38 MF Netherlands Ryan Gravenberch
69%
15 DF Italy Giovanni Leoni
54%
73 FW England Rio Ngumoha
54%
41 GK Hungary Ármin Pécsi
46%
47 DF Scotland Calvin Ramsay
46%
28 GK England Freddie Woodman
46%
43 MF Spain Stefan Bajcetic
46%
56 GK Czech Republic Vítězslav Jaroš
46%
42 MF England Trey Nyoni
38%
46 DF England Rhys Williams
31%
95 GK England Harvey Davies
23%
53 MF England James McConnell
15%
No matching quizzes found
Score Distribution
Percent of People with Each Score
Percentile by Number Answered
Your Score History
You have not taken this quiz since the last reset